[Event "Russian Women's Higher League 2021"]
[Site "?"]
[Date "2021.06.30"]
[Round "5.20"]
[White "Kostornichenko, Yana"]
[Black "Grigorieva, Yulia"]
[Result "0-1"]
[WhiteElo "1773"]
[BlackElo "2143"]
[Annotator ""]
[Source ""]
[Remark ""]

1.e4 {[%clk 1:30:57]} e5 {[%clk 1:26:54]} 2.Nf3 {[%clk 1:31:18]}
Nc6 {[%clk 1:27:20]} 3.Bb5 {[%clk 1:31:34]} a6 {[%clk 1:27:44]}
4.Ba4 {[%clk 1:31:55]} d6 {[%clk 1:28:01]} 5.c3 {[%clk 1:28:36]}
g6 {[%clk 1:26:20]} 6.d4 {[%clk 1:28:17]} Bd7 {[%clk 1:25:29]}
7.O-O {[%clk 1:28:04]} Bg7 {[%clk 1:25:18]} 8.Re1 {[%clk 1:24:13]}
b5 {[%clk 1:25:38]} 9.Bb3 {[%clk 1:24:31]} Nf6 {[%clk 1:25:11]}
10.Nbd2 {[%clk 1:19:05]} O-O {[%clk 1:23:07]} 11.h3 {[%clk 1:17:10]}
Nh5 {[%clk 1:15:43]} 12.Nf1 {[%clk 1:17:00]} h6 {[%clk 1:05:12]}
13.dxe5 {[%clk 1:12:48]} dxe5 {[%clk 1:03:12]} 14.Be3 {[%clk 1:10:59]}
Qe7 {[%clk 0:56:19]} 15.N1h2 {[%clk 0:49:51]} Rad8 {[%clk 0:49:51]}
16.Qe2 {[%clk 0:49:28]} Rfe8 {[%clk 0:42:25]} 17.Rad1 {[%clk 0:47:46]}
Nf4 {[%clk 0:37:41]} 18.Qf1 {[%clk 0:41:40]} g5 {[%clk 0:29:56]}
19.Kh1 {[%clk 0:33:59]} Kh7 {[%clk 0:27:01]} 20.Ng1 {[%clk 0:32:55]}
Na5 {[%clk 0:23:37]} 21.Bc2 {[%clk 0:32:41]} Nc4 {[%clk 0:22:38]}
22.Bc1 {[%clk 0:32:43]} Bc6 {[%clk 0:19:27]} 23.g3 {[%clk 0:31:20]}
Ng6 {[%clk 0:17:35]} 24.Ngf3 {[%clk 0:31:02]} Nd6 {[%clk 0:16:36]}
25.Kg2 {[%clk 0:28:12]} Rf8 {[%clk 0:15:31]} 26.g4 {[%clk 0:25:18]}
Kh8 {[%clk 0:14:55]} 27.Qe2 {[%clk 0:24:34]} Nf4+ {[%clk 0:13:19]}
28.Bxf4 {[%clk 0:23:47]} gxf4 {[%clk 0:13:48]} 29.Rg1 {[%clk 0:18:51]}
Bf6 {[%clk 0:12:39]} 30.Kf1 {[%clk 0:15:26]} Rg8 {[%clk 0:11:43]}
31.Kg2 {[%clk 0:10:44]} Bb7 {[%clk 0:10:40]} 32.Kh1 {[%clk 0:10:37]}
c5 {[%clk 0:10:20]} 33.Rg2 {[%clk 0:09:43]} Bg5 {[%clk 0:08:56]}
34.Nxg5 {[%clk 0:09:27]} hxg5 {[%clk 0:09:06]} 35.Nf3 {[%clk 0:08:56]}
Kg7 {[%clk 0:07:36]} 36.Rh2 {[%clk 0:08:27]} Rh8 {[%clk 0:07:03]}
37.Kg2 {[%clk 0:07:49]} Rh7 {[%clk 0:04:01]} 38.Rdh1 {[%clk 0:07:41]}
Rdh8 {[%clk 0:03:43]} 39.Nd2 {[%clk 0:06:14]} Qe6 {[%clk 0:02:34]}
40.b3 {[%clk 0:33:14]} Qg6 {[%clk 0:31:56]} 41.f3 {[%clk 0:32:37]}
Qe6 {[%clk 0:21:10]} 42.Qf2 {[%clk 0:32:21]} b4 {[%clk 0:18:29]}
43.c4 {[%clk 0:30:09]} Rc8 {[%clk 0:14:18]} 44.h4 {[%clk 0:29:51]}
f6 {[%clk 0:14:25]} 45.hxg5 {[%clk 0:29:38]} Rxh2+ {[%clk 0:14:53]}
46.Rxh2 {[%clk 0:29:59]} fxg5 {[%clk 0:15:15]} 47.Kf1 {[%clk 0:29:10]}
Nf7 {[%clk 0:13:34]} 48.Rh5 {[%clk 0:25:45]} Rd8 {[%clk 0:11:03]}
49.Ke1 {[%clk 0:25:19]} Rd4 {[%clk 0:10:55]} 50.Rh1 {[%clk 0:21:40]}
Nh6 {[%clk 0:10:31]} 51.Qh2 {[%clk 0:21:20]} Bc6 {[%clk 0:10:31]}
52.Qe2 {[%clk 0:19:37]} Be8 {[%clk 0:10:24]} 53.Rh2 {[%clk 0:19:15]}
Bg6 {[%clk 0:10:33]} 54.Qd1 {[%clk 0:18:54]} a5 {[%clk 0:09:34]}
55.Rg2 {[%clk 0:18:34]} Nf7 {[%clk 0:09:08]} 56.Qa1 {[%clk 0:17:47]}
Qb6 {[%clk 0:09:14]} 57.a4 {[%clk 0:16:28]} Nd8 {[%clk 0:08:34]}
58.Nf1 {[%clk 0:16:23]} Nc6 {[%clk 0:08:36]} 59.Rh2 {[%clk 0:14:59]}
Rd8 {[%clk 0:08:30]} 60.Qb2 {[%clk 0:14:59]} Qb8 {[%clk 0:07:59]}
61.Bd1 {[%clk 0:14:46]} Qd6 {[%clk 0:06:14]} 62.Rd2 {[%clk 0:14:04]}
Nd4 {[%clk 0:06:43]} 63.Rh2 {[%clk 0:13:47]} Kf6 {[%clk 0:04:28]}
64.Rd2 {[%clk 0:13:35]} Qc6 {[%clk 0:04:06]} 65.Qb1 {[%clk 0:13:42]}
Qa8 {[%clk 0:03:05]} 66.Rh2 {[%clk 0:13:35]} Kg7 {[%clk 0:03:29]}
67.Rh1 {[%clk 0:12:04]} Rh8 {[%clk 0:02:34]} 68.Rxh8 {[%clk 0:11:51]}
Qxh8 {[%clk 0:03:03]} 69.Qb2 {[%clk 0:12:11]} Qh1 {[%clk 0:03:00]}
70.Qf2 {[%clk 0:12:15]} Bxe4 {[%clk 0:01:55]} 71.fxe4 {[%clk 0:12:25]}
Qxe4+ {[%clk 0:02:24]} 72.Kd2 {[%clk 0:12:10]} Qb1 {[%clk 0:02:43]}
73.Ke1 {[%clk 0:10:39]} Qe4+ {[%clk 0:01:02]} 74.Kd2 {[%clk 0:11:00]}
Qb1 {[%clk 0:01:17]} 75.Ke1 {[%clk 0:11:21]} e4 {[%clk 0:01:41]}
76.Nh2 {[%clk 0:07:00]} e3 {[%clk 0:01:32]} 77.Qg2 {[%clk 0:05:20]}
f3 {[%clk 0:01:15]} 78.Qg3 {[%clk 0:05:04]} Nc2+ {[%clk 0:01:31]} 0-1

[Event "Russian Women's Higher League 2021"]
[Site "?"]
[Date "2021.06.30"]
[Round "5.21"]
[White "Filippova, Margarita"]
[Black "Tokmakova, Ulyana"]
[Result "0-1"]
[WhiteElo "2075"]
[BlackElo "1887"]
[Annotator ""]
[Source ""]
[Remark ""]

1.Nf3 {[%clk 1:30:58]} e6 {[%clk 1:30:37]} 2.c4 {[%clk 1:31:17]}
d5 {[%clk 1:28:20]} 3.d4 {[%clk 1:31:41]} c5 {[%clk 1:28:43]}
4.cxd5 {[%clk 1:31:53]} exd5 {[%clk 1:29:08]} 5.Nc3 {[%clk 1:32:20]}
Nc6 {[%clk 1:29:33]} 6.g3 {[%clk 1:32:44]} Nf6 {[%clk 1:29:56]}
7.Bg2 {[%clk 1:33:11]} Be7 {[%clk 1:30:22]} 8.O-O {[%clk 1:33:36]}
O-O {[%clk 1:30:48]} 9.dxc5 {[%clk 1:34:02]} Bxc5 {[%clk 1:28:57]}
10.Bg5 {[%clk 1:34:26]} d4 {[%clk 1:28:46]} 11.Ne4 {[%clk 1:34:50]}
Be7 {[%clk 1:28:50]} 12.Bxf6 {[%clk 1:35:15]} Bxf6 {[%clk 1:29:14]}
13.Qd2 {[%clk 1:35:35]} Bf5 {[%clk 1:25:11]} 14.Nxf6+ {[%clk 1:35:42]}
Qxf6 {[%clk 1:25:37]} 15.Qf4 {[%clk 1:36:08]} Qe6 {[%clk 1:04:27]}
16.b4 {[%clk 1:27:02]} d3 {[%clk 0:49:35]} 17.Ng5 {[%clk 1:10:25]}
Qd7 {[%clk 0:45:06]} 18.e4 {[%clk 1:07:18]} Bg4 {[%clk 0:43:50]}
19.f3 {[%clk 1:06:30]} Be6 {[%clk 0:39:53]} 20.Nxe6 {[%clk 0:59:54]}
fxe6 {[%clk 0:40:00]} 21.Qd2 {[%clk 1:00:17]} Qd4+ {[%clk 0:39:42]}
22.Kh1 {[%clk 1:00:41]} Nxb4 {[%clk 0:37:05]} 23.Rab1 {[%clk 0:59:11]}
a5 {[%clk 0:31:16]} 24.a3 {[%clk 0:57:59]} Nc6 {[%clk 0:27:53]}
25.Rb3 {[%clk 0:55:55]} Rad8 {[%clk 0:27:23]} 26.f4 {[%clk 0:53:00]}
Rf7 {[%clk 0:24:25]} 27.e5 {[%clk 0:48:59]} a4 {[%clk 0:23:41]}
28.Rc3 {[%clk 0:41:43]} Na5 {[%clk 0:20:55]} 29.Rf3 {[%clk 0:39:59]}
Nb3 {[%clk 0:15:41]} 30.Qxd3 {[%clk 0:39:15]} Qb6 {[%clk 0:15:59]}
31.Qe3 {[%clk 0:36:02]} Rd1+ {[%clk 0:14:52]} 32.Rf1 {[%clk 0:34:31]}
Qxe3 {[%clk 0:09:29]} 33.Rxe3 {[%clk 0:34:57]} Rfd7 {[%clk 0:09:35]}
34.Kg1 {[%clk 0:32:59]} g6 {[%clk 0:02:58]} 35.Rc3 {[%clk 0:30:56]}
R1d2 {[%clk 0:02:09]} 36.Rc4 {[%clk 0:25:45]} b5 {[%clk 0:00:43]}
37.Rc8+ {[%clk 0:25:59]} Rd8 {[%clk 0:00:37]} 38.Rc7 {[%clk 0:21:03]}
b4 {[%clk 0:00:37]} 39.axb4 {[%clk 0:18:47]} a3 {[%clk 0:00:57]}
40.Bh3 {[%clk 0:48:49]} Re8 {[%clk 0:31:14]} 41.Ra7 {[%clk 0:45:54]}
a2 {[%clk 0:31:25]} 42.b5 {[%clk 0:43:57]} a1Q {[%clk 0:31:28]}
43.Raxa1 {[%clk 0:44:23]} Nxa1 {[%clk 0:31:52]} 44.Rxa1 {[%clk 0:44:51]}
Rb2 {[%clk 0:32:14]} 45.Ra6 {[%clk 0:44:39]} Kf7 {[%clk 0:32:26]}
46.Rb6 {[%clk 0:44:47]} h6 {[%clk 0:26:59]} 47.Bg4 {[%clk 0:41:46]}
h5 {[%clk 0:21:30]} 48.Bh3 {[%clk 0:41:10]} Re7 {[%clk 0:21:07]}
49.Bf1 {[%clk 0:34:23]} Rd7 {[%clk 0:10:37]} 50.Rc6 {[%clk 0:30:54]}
Rd1 {[%clk 0:07:43]} 51.Rc7+ {[%clk 0:31:07]} Kf8 {[%clk 0:05:42]}
52.Rc3 {[%clk 0:31:25]} Rxb5 {[%clk 0:05:36]} 53.Kf2 {[%clk 0:31:11]}
Rb2+ {[%clk 0:05:31]} 54.Be2 {[%clk 0:31:34]} Rdd2 {[%clk 0:04:23]}
55.Re3 {[%clk 0:32:00]} Ke7 {[%clk 0:04:14]} 56.Kf3 {[%clk 0:32:08]}
Kd7 {[%clk 0:03:33]} 57.h3 {[%clk 0:27:29]} Kc6 {[%clk 0:02:24]}
58.g4 {[%clk 0:26:17]} h4 {[%clk 0:02:14]} 59.g5 {[%clk 0:18:49]}
Kc5 {[%clk 0:02:14]} 60.Re4 {[%clk 0:10:42]} Rbc2 {[%clk 0:01:31]}
61.Re3 {[%clk 0:10:06]} Kd4 {[%clk 0:01:39]} 62.Re4+ {[%clk 0:06:36]}
Kd5 {[%clk 0:02:05]} 63.Ba6 {[%clk 0:06:44]} Rf2+ {[%clk 0:02:19]}
64.Ke3 {[%clk 0:07:10]} Rfe2+ {[%clk 0:02:40]} 65.Bxe2 {[%clk 0:07:13]}
Rxe2+ {[%clk 0:03:08]} 66.Kxe2 {[%clk 0:07:37]} Kxe4 {[%clk 0:03:35]} 0-1

[Event "Russian Women's Higher League 2021"]
[Site "?"]
[Date "2021.06.30"]
[Round "5.22"]
[White "Kuznetsova, Marina"]
[Black "Karmanova, Olga Dm."]
[Result "1/2-1/2"]
[WhiteElo "1964"]
[BlackElo "2053"]
[Annotator ""]
[Source ""]
[Remark ""]

1.e4 {[%clk 1:30:58]} c5 {[%clk 1:30:55]} 2.Nf3 {[%clk 1:31:23]}
e6 {[%clk 1:31:20]} 3.g3 {[%clk 1:31:48]} Nc6 {[%clk 1:31:44]}
4.Bg2 {[%clk 1:32:12]} Nf6 {[%clk 1:32:08]} 5.d3 {[%clk 1:32:36]}
Be7 {[%clk 1:32:31]} 6.O-O {[%clk 1:32:27]} O-O {[%clk 1:31:15]}
7.Re1 {[%clk 1:31:00]} d5 {[%clk 1:31:27]} 8.e5 {[%clk 1:30:05]}
Nd7 {[%clk 1:31:52]} 9.h4 {[%clk 1:29:08]} b5 {[%clk 1:30:49]}
10.Bf4 {[%clk 1:28:12]} Qc7 {[%clk 1:30:01]} 11.Nbd2 {[%clk 1:24:24]}
Bb7 {[%clk 1:29:42]} 12.Qe2 {[%clk 1:23:48]} Rfc8 {[%clk 1:28:49]}
13.h5 {[%clk 1:20:51]} h6 {[%clk 1:29:13]} 14.Nf1 {[%clk 1:20:49]}
a5 {[%clk 1:25:58]} 15.N1h2 {[%clk 1:19:43]} a4 {[%clk 1:24:18]}
16.a3 {[%clk 1:19:32]} b4 {[%clk 1:20:04]} 17.Ng4 {[%clk 1:17:06]}
Bf8 {[%clk 1:19:54]} 18.Qd2 {[%clk 1:09:21]} Nd4 {[%clk 1:09:27]}
19.Nxd4 {[%clk 1:02:45]} cxd4 {[%clk 1:09:02]} 20.Re2 {[%clk 0:58:12]}
bxa3 {[%clk 1:05:45]} 21.bxa3 {[%clk 0:58:26]} Qc3 {[%clk 1:04:18]}
22.Qc1 {[%clk 0:57:39]} Ba6 {[%clk 1:01:47]} 23.f3 {[%clk 0:36:09]}
Rab8 {[%clk 0:41:25]} 24.Nf2 {[%clk 0:33:01]} Nb6 {[%clk 0:38:08]}
25.g4 {[%clk 0:27:06]} Na8 {[%clk 0:28:48]} 26.Ra2 {[%clk 0:19:31]}
Nc7 {[%clk 0:16:57]} 27.g5 {[%clk 0:17:16]} hxg5 {[%clk 0:17:22]}
28.Bxg5 {[%clk 0:17:43]} Kh7 {[%clk 0:17:45]} 29.h6 {[%clk 0:15:12]}
gxh6 {[%clk 0:15:49]} 30.Ng4 {[%clk 0:14:18]} Ne8 {[%clk 0:04:31]}
31.Bxh6 {[%clk 0:12:07]} Rb1 {[%clk 0:01:16]} 32.Qxb1 {[%clk 0:12:24]}
Bxh6 {[%clk 0:01:42]} 33.Nxh6 {[%clk 0:10:55]} Kxh6 {[%clk 0:02:07]}
34.Qc1+ {[%clk 0:11:03]} Kg7 {[%clk 0:00:45]} 35.Qg5+ {[%clk 0:11:26]}
Kf8 {[%clk 0:01:13]} 36.Bf1 {[%clk 0:11:38]} Nc7 {[%clk 0:01:27]}
37.Rh2 {[%clk 0:08:53]} Ke8 {[%clk 0:01:53]} 38.Rh7 {[%clk 0:07:33]}
Kd7 {[%clk 0:01:38]} 39.Rxf7+ {[%clk 0:07:49]} Kc6 {[%clk 0:02:04]}
40.Rg7 {[%clk 0:36:23]} Kb7 {[%clk 0:30:51]} 41.Qc1 {[%clk 0:35:16]}
Ka8 {[%clk 0:28:50]} 42.Rb2 {[%clk 0:33:36]} Qc5 {[%clk 0:25:22]}
43.Rb4 {[%clk 0:33:01]} Qf8 {[%clk 0:25:00]} 44.Rg3 {[%clk 0:32:15]}
Bb5 {[%clk 0:24:53]} 45.Qg5 {[%clk 0:27:54]} Rb8 {[%clk 0:23:02]}
46.Qc1 {[%clk 0:22:35]} Qc5 {[%clk 0:19:39]} 47.Qb2 {[%clk 0:18:47]}
Na6 {[%clk 0:17:05]} 48.Qxd4 {[%clk 0:17:43]} Qe7 {[%clk 0:14:43]}
49.Rxb5 {[%clk 0:15:04]} Rxb5 {[%clk 0:14:49]} 50.Qxa4 {[%clk 0:15:20]}
Rb6 {[%clk 0:14:47]} 51.d4 {[%clk 0:15:28]} Ka7 {[%clk 0:14:53]}
52.Rg8 {[%clk 0:13:43]} Qh7 {[%clk 0:13:16]} 53.Rd8 {[%clk 0:11:18]}
Qh4 {[%clk 0:12:09]} 54.Rd7+ {[%clk 0:07:56]} Kb8 {[%clk 0:12:05]}
55.Rg7 {[%clk 0:07:37]} Nc7 {[%clk 0:12:10]} 56.Rg8+ {[%clk 0:02:14]}
Kb7 {[%clk 0:12:35]} 57.Kg2 {[%clk 0:01:09]} Qh7 {[%clk 0:11:30]}
58.Rg3 {[%clk 0:01:09]} Rb2 {[%clk 0:11:23]} 59.Be2 {[%clk 0:00:52]}
Rb1 {[%clk 0:10:41]} 60.Bf1 {[%clk 0:00:31]} Rb2 {[%clk 0:10:53]}
61.Be2 {[%clk 0:00:56]} Rb1 {[%clk 0:11:19]} 62.Bf1 {[%clk 0:00:41]}
Rb2 {[%clk 0:11:44]} 63.Be2 {[%clk 0:00:40]} 1/2-1/2

[Event "Russian Women's Higher League 2021"]
[Site "?"]
[Date "2021.06.30"]
[Round "5.23"]
[White "Asatryan, Maria"]
[Black "Faizutdinova, Diana"]
[Result "0-1"]
[WhiteElo "1621"]
[BlackElo "2027"]
[Annotator ""]
[Source ""]
[Remark ""]

1.d4 {[%clk 1:30:58]} Nf6 {[%clk 1:30:54]} 2.Nf3 {[%clk 1:31:25]}
g6 {[%clk 1:31:21]} 3.c4 {[%clk 1:31:50]} d6 {[%clk 1:31:48]}
4.g3 {[%clk 1:32:15]} Bg7 {[%clk 1:32:12]} 5.Bg2 {[%clk 1:32:41]}
c6 {[%clk 1:32:24]} 6.O-O {[%clk 1:32:44]} O-O {[%clk 1:32:43]}
7.Nc3 {[%clk 1:33:06]} Bf5 {[%clk 1:32:46]} 8.Nh4 {[%clk 1:31:18]}
Be6 {[%clk 1:33:04]} 9.d5 {[%clk 1:26:13]} cxd5 {[%clk 1:33:30]}
10.cxd5 {[%clk 1:26:40]} Bd7 {[%clk 1:33:54]} 11.Qb3 {[%clk 1:23:21]}
Qb6 {[%clk 1:29:07]} 12.Qxb6 {[%clk 1:18:46]} axb6 {[%clk 1:29:33]}
13.Be3 {[%clk 1:19:08]} b5 {[%clk 1:29:42]} 14.a3 {[%clk 1:19:32]}
Na6 {[%clk 1:25:51]} 15.b4 {[%clk 1:14:44]} Ng4 {[%clk 1:19:08]}
16.Bd2 {[%clk 1:14:42]} Rfc8 {[%clk 1:19:19]} 17.Rac1 {[%clk 1:14:18]}
Ne5 {[%clk 1:18:37]} 18.Nb1 {[%clk 1:11:20]} Nc4 {[%clk 1:12:51]}
19.Bc3 {[%clk 1:09:08]} Bh6 {[%clk 0:56:19]} 20.e3 {[%clk 1:05:16]}
Nc7 {[%clk 0:51:00]} 21.Bd4 {[%clk 0:51:21]} Nxa3 {[%clk 0:46:47]}
22.Nxa3 {[%clk 0:49:53]} Rxa3 {[%clk 0:47:09]} 23.Bb6 {[%clk 0:50:17]}
Na6 {[%clk 0:46:38]} 24.Rxc8+ {[%clk 0:49:38]} Bxc8 {[%clk 0:47:05]}
25.Rc1 {[%clk 0:50:02]} Bd7 {[%clk 0:47:23]} 26.Ba5 {[%clk 0:42:54]}
Bg7 27.Bf1 Ra1 {[%clk 0:29:30]} 28.Rxa1 {[%clk 0:35:59]} Bxa1
{[%clk 0:29:54]} 29.Nf3 {[%clk 0:36:15]} Bc3 {[%clk 0:29:37]}
30.e4 {[%clk 0:35:05]} f5 {[%clk 0:24:22]} 31.exf5 {[%clk 0:30:22]}
gxf5 {[%clk 0:23:50]} 32.Bd8 {[%clk 0:30:22]} Kf8 {[%clk 0:23:16]}
33.Ba5 {[%clk 0:26:32]} Bxb4 {[%clk 0:20:04]} 34.Bxb4 {[%clk 0:26:55]}
Nxb4 {[%clk 0:20:30]} 35.Nd4 {[%clk 0:27:20]} Nxd5 {[%clk 0:20:43]}
36.Nxb5 {[%clk 0:27:31]} Bxb5 {[%clk 0:17:10]} 37.Bxb5 {[%clk 0:27:56]}
Kg7 {[%clk 0:17:25]} 38.Bc4 {[%clk 0:26:43]} Nc3 {[%clk 0:17:31]}
39.f4 {[%clk 0:26:13]} b5 {[%clk 0:14:41]} 40.Bd3 {[%clk 0:55:13]}
Kf6 {[%clk 0:44:23]} 41.Kf2 {[%clk 0:52:25]} e5 {[%clk 0:42:48]}
42.fxe5+ {[%clk 0:51:31]} Kxe5 {[%clk 0:41:10]} 43.g4 {[%clk 0:46:36]}
fxg4 {[%clk 0:40:39]} 44.Bxh7 {[%clk 0:46:51]} Kf4 {[%clk 0:40:34]}
45.Bd3 {[%clk 0:44:53]} b4 {[%clk 0:40:55]} 46.Bc2 {[%clk 0:45:07]}
Ne4+ {[%clk 0:40:33]} 47.Ke2 {[%clk 0:45:13]} Ng5 {[%clk 0:40:18]}
48.Kf2 {[%clk 0:38:52]} Nf3 {[%clk 0:40:08]} 0-1

[Event "Russian Women's Higher League 2021"]
[Site "?"]
[Date "2021.06.30"]
[Round "5.24"]
[White "Miroshnik, Ekaterina"]
[Black "Plekhanova, Ekaterina"]
[Result "1-0"]
[WhiteElo "2234"]
[BlackElo "1858"]
[Annotator ""]
[Source ""]
[Remark ""]

1.Nf3 {[%clk 1:30:58]} d5 {[%clk 1:30:48]} 2.d4 {[%clk 1:31:23]}
Nf6 {[%clk 1:31:14]} 3.Bg5 {[%clk 1:31:21]} Bf5 {[%clk 1:30:33]}
4.e3 {[%clk 1:31:15]} Nbd7 {[%clk 1:30:06]} 5.Bd3 {[%clk 1:29:10]}
Bxd3 {[%clk 1:29:54]} 6.Qxd3 {[%clk 1:28:51]} c6 {[%clk 1:29:44]}
7.Nbd2 {[%clk 1:27:48]} e6 {[%clk 1:29:51]} 8.O-O {[%clk 1:28:07]}
Be7 {[%clk 1:30:08]} 9.h3 {[%clk 1:27:30]} O-O {[%clk 1:30:28]}
10.Bf4 {[%clk 1:27:15]} c5 {[%clk 1:13:09]} 11.c3 {[%clk 1:27:20]}
Nb6 {[%clk 1:03:33]} 12.Ne5 {[%clk 1:25:04]} Rc8 {[%clk 0:58:43]}
13.a4 {[%clk 1:22:31]} Nfd7 {[%clk 0:55:28]} 14.Nxd7 {[%clk 1:17:49]}
Nxd7 {[%clk 0:55:44]} 15.Qe2 {[%clk 1:13:17]} Nf6 {[%clk 0:44:11]}
16.Rfd1 {[%clk 1:10:52]} Qb6 {[%clk 0:43:33]} 17.Nf3 {[%clk 1:03:51]}
Bd6 {[%clk 0:41:10]} 18.dxc5 {[%clk 0:52:26]} Rxc5 {[%clk 0:32:08]}
19.Ne5 {[%clk 0:43:18]} Qc7 {[%clk 0:25:41]} 20.Nd3 {[%clk 0:43:29]}
Rc4 {[%clk 0:25:52]} 21.Bxd6 {[%clk 0:42:29]} Qxd6 {[%clk 0:26:15]}
22.Nb4 {[%clk 0:29:38]} Qc7 {[%clk 0:23:47]} 23.Rd4 {[%clk 0:23:03]}
Rc8 {[%clk 0:17:43]} 24.Qd1 {[%clk 0:13:16]} Ne8 {[%clk 0:07:19]}
25.Rd3 {[%clk 0:04:47]} h6 26.Rd4 {[%clk 0:03:25]} Nd6 {[%clk 0:07:04]}
27.Nd3 {[%clk 0:01:17]} Nf5 {[%clk 0:03:33]} 28.Rg4 {[%clk 0:01:11]}
Nd6 {[%clk 0:01:50]} 29.Rxc4 {[%clk 0:00:42]} Nxc4 {[%clk 0:02:14]}
30.Qc2 {[%clk 0:00:52]} a6 {[%clk 0:01:13]} 31.Re1 {[%clk 0:00:58]}
Nd6 {[%clk 0:01:19]} 32.Nf4 {[%clk 0:00:49]} Qa5 {[%clk 0:01:21]}
33.Rd1 {[%clk 0:00:41]} Qb6 {[%clk 0:00:56]} 34.Ne2 {[%clk 0:00:41]}
Nc4 {[%clk 0:01:13]} 35.b4 {[%clk 0:00:36]} Nd6 {[%clk 0:01:16]}
36.Qd3 {[%clk 0:00:45]} Qc6 {[%clk 0:01:25]} 37.a5 {[%clk 0:00:40]}
Nb5 {[%clk 0:01:45]} 38.Rc1 {[%clk 0:00:53]} Nd6 {[%clk 0:01:22]}
39.Kf1 {[%clk 0:00:54]} Qc7 {[%clk 0:01:24]} 40.Kg1 {[%clk 0:30:45]}
Qd8 {[%clk 0:31:30]} 41.Nd4 {[%clk 0:19:26]} Rc4 {[%clk 0:29:15]}
42.Nb3 Qf6 {[%clk 0:19:40]} 43.Nd2 {[%clk 0:10:46]} Rh4 {[%clk 0:13:20]}
44.f4 {[%clk 0:05:27]} Rh5 {[%clk 0:06:18]} 45.Nf3 {[%clk 0:01:55]}
g5 {[%clk 0:06:08]} 46.Qd4 {[%clk 0:01:24]} Qxd4 {[%clk 0:05:06]}
47.cxd4 {[%clk 0:01:52]} gxf4 {[%clk 0:05:27]} 48.exf4 {[%clk 0:02:15]}
Rf5 {[%clk 0:05:23]} 49.g3 {[%clk 0:01:48]} Nc4 {[%clk 0:04:21]}
50.Ne5 {[%clk 0:01:29]} Kf8 {[%clk 0:02:46]} 51.Kf2 {[%clk 0:01:02]}
Ke7 {[%clk 0:02:50]} 52.Nxc4 {[%clk 0:00:45]} dxc4 {[%clk 0:03:16]}
53.Rxc4 {[%clk 0:01:13]} Rb5 {[%clk 0:03:37]} 54.Ke3 {[%clk 0:01:33]}
Kd6 {[%clk 0:03:51]} 55.Kd3 {[%clk 0:01:42]} f6 {[%clk 0:04:06]}
56.Kc3 {[%clk 0:01:02]} e5 {[%clk 0:04:19]} 57.dxe5+ {[%clk 0:01:06]}
fxe5 {[%clk 0:04:45]} 58.f5 {[%clk 0:01:30]} e4 {[%clk 0:04:52]}
59.g4 {[%clk 0:01:47]} Re5 {[%clk 0:04:01]} 60.Kd2 {[%clk 0:01:57]}
e3+ {[%clk 0:04:03]} 61.Ke2 {[%clk 0:02:24]} Re7 {[%clk 0:04:08]}
62.Rf4 {[%clk 0:01:14]} Kd5 {[%clk 0:04:10]} 63.f6 {[%clk 0:01:34]}
Rf7 {[%clk 0:04:34]} 64.Kxe3 {[%clk 0:01:35]} Ke5 {[%clk 0:04:55]}
65.h4 {[%clk 0:01:33]} Rc7 {[%clk 0:04:42]} 66.f7 {[%clk 0:01:14]} 1-0

[Event "Russian Women's Higher League 2021"]
[Site "?"]
[Date "2021.06.30"]
[Round "5.25"]
[White "Khmeleva, Anna"]
[Black "Nikolaeva, Nadezhda"]
[Result "0-1"]
[WhiteElo "1640"]
[BlackElo "1839"]
[Annotator ""]
[Source ""]
[Remark ""]

1.e4 {[%clk 1:30:57]} c5 {[%clk 1:30:57]} 2.d4 {[%clk 1:31:20]}
cxd4 {[%clk 1:31:22]} 3.c3 {[%clk 1:31:44]} Nf6 {[%clk 1:31:44]}
4.e5 {[%clk 1:32:07]} Nd5 {[%clk 1:31:58]} 5.cxd4 {[%clk 1:32:32]}
d6 {[%clk 1:31:33]} 6.Nf3 {[%clk 1:31:24]} Nc6 {[%clk 1:30:54]}
7.exd6 {[%clk 1:31:07]} e6 {[%clk 1:30:47]} 8.Nc3 {[%clk 1:31:03]}
Bxd6 {[%clk 1:27:17]} 9.Bd3 {[%clk 1:30:57]} Nf4 {[%clk 1:19:18]}
10.Bxf4 {[%clk 1:27:17]} Bxf4 {[%clk 1:16:49]} 11.O-O {[%clk 1:27:10]}
O-O {[%clk 1:16:34]} 12.a3 {[%clk 1:26:38]} g6 {[%clk 1:12:59]}
13.Bc4 {[%clk 1:23:31]} Bh6 {[%clk 1:11:43]} 14.Qd3 {[%clk 1:20:45]}
Bg7 {[%clk 1:09:25]} 15.Rfd1 {[%clk 1:20:48]} a6 {[%clk 1:07:58]}
16.Rac1 {[%clk 1:20:18]} b5 {[%clk 1:04:59]} 17.Ba2 {[%clk 1:20:07]}
Bb7 {[%clk 1:04:55]} 18.Ne4 {[%clk 1:14:38]} Ne7 {[%clk 1:01:31]}
19.g3 {[%clk 1:11:49]} Bh6 {[%clk 0:51:58]} 20.Rc2 {[%clk 1:09:34]}
Bd5 {[%clk 0:44:58]} 21.Nf6+ {[%clk 1:07:46]} Kh8 {[%clk 0:44:58]}
22.Bxd5 {[%clk 1:07:29]} Nxd5 {[%clk 0:44:50]} 23.Ng4 {[%clk 1:07:51]}
Bg7 {[%clk 0:44:31]} 24.Rdc1 {[%clk 1:07:02]} Kg8 {[%clk 0:41:34]}
25.Nge5 {[%clk 1:06:51]} f6 {[%clk 0:29:58]} 26.Nc6 {[%clk 1:06:43]}
Qd7 {[%clk 0:27:46]} 27.Nd2 {[%clk 1:06:50]} Rfc8 {[%clk 0:26:00]}
28.f4 {[%clk 1:03:22]} Rc7 {[%clk 0:22:48]} 29.Nb3 {[%clk 1:01:15]}
Rac8 {[%clk 0:20:28]} 30.Nb4 {[%clk 1:00:35]} Nxb4 {[%clk 0:18:13]}
31.axb4 {[%clk 1:00:42]} Rxc2 {[%clk 0:17:05]} 32.Rxc2 {[%clk 1:01:04]}
Rxc2 {[%clk 0:17:22]} 33.Qxc2 {[%clk 1:01:27]} f5 {[%clk 0:17:28]}
34.Qc3 {[%clk 1:00:54]} h6 {[%clk 0:17:01]} 35.Kf2 {[%clk 1:00:44]}
Qd5 {[%clk 0:15:14]} 36.Ke3 {[%clk 0:58:37]} Qg2 {[%clk 0:12:13]}
37.Qc8+ {[%clk 0:58:15]} Kh7 {[%clk 0:12:05]} 38.Qxe6 {[%clk 0:56:52]}
Qxh2 {[%clk 0:12:15]} 39.Kf3 {[%clk 0:56:24]} Qxb2 {[%clk 0:11:07]}
40.Qe3 {[%clk 1:26:26]} Qb1 {[%clk 0:36:21]} 41.Kf2 {[%clk 1:22:40]}
Qc2+ {[%clk 0:35:46]} 42.Kf3 {[%clk 1:18:12]} Qc4 {[%clk 0:34:26]}
43.Kg2 {[%clk 1:14:55]} Qxb4 {[%clk 0:33:19]} 44.d5 {[%clk 1:14:40]}
Qc4 {[%clk 0:32:10]} 45.Qf3 {[%clk 1:14:45]} Bf8 {[%clk 0:28:39]}
46.Kh3 {[%clk 1:12:38]} Qe4 {[%clk 0:22:38]} 47.Qd1 {[%clk 1:06:28]}
Bd6 {[%clk 0:21:00]} 48.Kh2 {[%clk 1:05:45]} h5 {[%clk 0:19:54]}
49.Kh3 {[%clk 1:03:55]} h4 {[%clk 0:18:14]} 50.Kxh4 {[%clk 1:03:32]}
Qg2 {[%clk 0:18:13]} 51.Qe1 {[%clk 1:03:19]} Qh2+ {[%clk 0:18:27]}
52.Kg5 {[%clk 1:03:41]} Qh6+ {[%clk 0:18:55]} 53.Kf6 {[%clk 1:04:00]}
Qg7+ {[%clk 0:19:11]} 54.Kg5 {[%clk 1:04:15]} Be7+ {[%clk 0:19:35]} 0-1